Competizioni sportive dai loghi. - Statistics

Statistiche generali
  • Questo quiz è stato fatto 134 volte
  • Il punteggio medio è 11 su 20
Statistiche sulle risposte
con Immagini Risposta % Corretto
National Basketball Association
100%
Formula 1
92%
Premier League
91%
Torneo di Wimbledon
91%
Champions League
89%
Serie A
88%
Bundesliga
78%
National Football League
73%
Giochi olimpici
72%
Tour de France
71%
Open di Francia
70%
Australian Open
56%
Coppa Libertadores
46%
Eurolega
24%
Giochi paralimpici
17%
National Hockey League
17%
Coppa Davis
15%
Coppa delle nazioni africane
10%
Coppa del Mondo di rugby
8%
European Rugby Champions Cup
1%
Nessun quiz corrispondente trovato
Distribuzione punteggi
Percentuale di utenti per punteggio
Percentile per numero di risposta
I tuoi punteggi nel tempo
Non hai fatto questo quiz